| 000 | 00682nam a22002297a 4500 | ||
|---|---|---|---|
| 001 | 54479 | ||
| 003 | UA-OsUOA | ||
| 005 | 20211104105959.0 | ||
| 007 | ta | ||
| 008 | 20080617b un ||||| |||| 00| 0 ukr d | ||
| 020 | _a9666135043 | ||
| 040 |
_aUA-OsUOA _bukr _cUA-OsUOA _dUA-OsUOA |
||
| 041 | _aukr | ||
| 080 | _a82-84:801.81 | ||
| 090 |
_a82-84:801.81 _bГ15 |
||
| 245 | _aГалицько-руські народні приповідки | ||
| 260 |
_aЛьвів _bЛНУ ім. Івана Франка _c2007 |
||
| 300 | _a699 с. | ||
| 650 | 7 |
_a801 Просодія. Допоміжні науки та джерела філології _2UDC |
|
| 942 |
_cBK _2udc |
||
| 955 | _a2 | ||
| 999 |
_c340383 _d340383 |
||